000 02028cam a2200205 a 4500
999 _c5959
_d5959
020 _a0155079034
050 0 0 _aHF5721
_b.P42
100 1 _aPearsall, Thomas E.
245 1 0 _aHow to write for the world of work /
_cThomas E. Pearsall, Donald H. Cunningham, Elizabeth O. Smith.
250 _a6th ed.
260 _aFort Worth :
_bHarcourt College Publishers,
_cc2000.
300 _axxv, 655, 14 p. :
_bill. ;
_c24 cm.
500 _aincludes index
505 _aUnit 1 Basic Principles 1 Chapter 1 The process of workplace writing 2 Chapter 2 Computers and workplace writing 30 Chapter 3 Persuasion and scientific Argument 56 Chapter 4 Style and tone 75 Chapter 5 Text and document design 101 Chapter 6 Visuals and document design 1 136 Chapter 7 Visuals and document design ii 157 Chapter 8 Principles of workplace correspondence 196 Chapter 9 Workplace correspondence 222 Chapter 10 Resumes, employment letters, and application forms 251 Chapter 11 Portfolios and interviews 294 Chapter 12 Oral presentations 308 Chapter 13 Principles of workplace reports 342 Chapter 14 Recommendation Reports 376 Chapter 15 Proposals Chapter 16 Mechanism description 425 Chapter 17 Process Description 464 Chapter 18 Instructions 486 Chapter 19 Research strategies 532 Chapter 20 Research sites and sources-library and internet research 532 Chapter 21 Research sites and sources- field research 571 Chapter 22 Documenting sources 591 Writers guide 614 index 1-1 Chapter 3
650 0 _aCommercial correspondence.
650 0 _aBusiness writing.
700 1 _aCunningham, Donald H.
700 1 _aSmith, Elizabeth O.
942 _cBK